00470cam a2200157 a 4500020001700000040000800017082002900025100002400054245007700078250001100155260003500166300005800201650001200259650002200271700001900293 a0834802406 : cDLC00a738 WEA 1991 A086 Or.aB1 aWilson, Richard L.,14aThe art of Ogata Kenzan :bpersona and production in Japanese ceramics / a1st ed aNew York :bWeatherhill,c1991 a271 p., [8] p. of plates :bill. (some col.) ;c27 cm 0aPotters 0aPottery, Japanese1 aOgata, Kenzan,